Statistics for World's Longest Train Routes

Click here to take the quiz!

General Stats

  • This quiz has been taken 243 times
    (239 since last reset)
  • The average score is 11 of 27

Answer Stats

Answer% Correct
Moscow
99%
Beijing
94%
Shanghai
78%
Vladivostok
77%
Los Angeles
76%
Sydney
74%
Perth
67%
Chicago
62%
Vancouver
62%
Toronto
61%
Guangzhou
56%
Pyongyang
44%
Urumqi
44%
Harbin
37%
Lhasa
37%
Almaty
25%
Kunming
18%
Hangzhou
14%
Haikou
8%
Changchun
7%
Dushanbe
7%
Kanyakumari
5%
Kashgar
5%
Dibrugarh
3%
Tommot
3%
Yingtan
3%
Yining
2%

Score Distribution

Percentile by Number Answered

Percent of People with Each Score

Your Score History

You have not taken this quiz since the last reset